Practical photovoltaics : (Record no. 355467)

000 -LEADER
fixed length control field 01173pam a2200301 a 4500
001 - CONTROL NUMBER
control field 3979216
003 - CONTROL NUMBER IDENTIFIER
control field Nust- CAS-E
005 - DATE AND TIME OF LATEST TRANSACTION
control field 20180118181402.0
008 - FIXED-LENGTH DATA ELEMENTS--GENERAL INFORMATION
fixed length control field 950524s1995 miua b 001 0 eng
010 ## - LIBRARY OF CONGRESS CONTROL NUMBER
LC control number 95022580
020 ## - INTERNATIONAL STANDARD BOOK NUMBER
International Standard Book Number 093794811X
040 ## - CATALOGING SOURCE
Original cataloging agency DLC
Transcribing agency DLC
Modifying agency DLC
050 00 - LIBRARY OF CONGRESS CALL NUMBER
Classification number TK2960
Item number .K65 1995
082 00 - DEWEY DECIMAL CLASSIFICATION NUMBER
Classification number 621.31/244
Edition number 20
Author Mark KOM 1995
100 1# - MAIN ENTRY--PERSONAL NAME
Personal name Komp, Richard J.
245 10 - TITLE STATEMENT
Title Practical photovoltaics :
Remainder of title electricity from solar cells /
Statement of responsibility, etc. Richard J. Komp ; introduction by John Perlin.
250 ## - EDITION STATEMENT
Edition statement 3rd ed.
260 ## - PUBLICATION, DISTRIBUTION, ETC.
Place of publication, distribution, etc. Ann Arbor, Mich. :
Name of publisher, distributor, etc. Aatec Publications,
Date of publication, distribution, etc. 1995.
300 ## - PHYSICAL DESCRIPTION
Extent xvii, 197 p. :
Other physical details ill. ;
Dimensions 23 cm.
504 ## - BIBLIOGRAPHY, ETC. NOTE
Bibliography, etc. note Includes bibliographical references and index.
650 #0 - SUBJECT ADDED ENTRY--TOPICAL TERM
Topical term or geographic name entry element Solar cells.
650 #0 - SUBJECT ADDED ENTRY--TOPICAL TERM
Topical term or geographic name entry element Photovoltaic power generation.
856 42 - ELECTRONIC LOCATION AND ACCESS
Materials specified Contributor biographical information
Uniform Resource Identifier <a href="http://www.loc.gov/catdir/enhancements/fy1311/95022580-b.html">http://www.loc.gov/catdir/enhancements/fy1311/95022580-b.html</a>
856 42 - ELECTRONIC LOCATION AND ACCESS
Materials specified Publisher description
Uniform Resource Identifier <a href="http://www.loc.gov/catdir/enhancements/fy1311/95022580-d.html">http://www.loc.gov/catdir/enhancements/fy1311/95022580-d.html</a>
906 ## - LOCAL DATA ELEMENT F, LDF (RLIN)
a 7
b cbc
c orignew
d 1
e ocip
f 19
g y-gencatlg
942 ## - ADDED ENTRY ELEMENTS (KOHA)
Source of classification or shelving scheme
Koha item type Book
Holdings
Withdrawn status Lost status Source of classification or shelving scheme Damaged status Not for loan Collection code Permanent Location Current Location Shelving location Date acquired Source of acquisition Total Checkouts Full call number Barcode Date last seen Price effective from Koha item type
            US-Pakistan Center for Advanced Studies in Energy (USPCAS-E) US-Pakistan Center for Advanced Studies in Energy (USPCAS-E) General Stacks 08/13/2013 Progressive Int.   621.31/244 KOM 1995 CAS-E0000427 08/27/2014 08/27/2014 Book
© 2023 Central Library, National University of Sciences and Technology. All Rights Reserved.